|
|
|
|
| LEADER |
00000nab a2200000 a 4500 |
| 001 |
vtls000772093 |
| 003 |
SK-MaSNL |
| 005 |
20260304123038.0 |
| 008 |
250429c2000 xo 0 slo |
| 015 |
|
|
|a SNBRB2001/11-31758
|
| 035 |
|
|
|a CLN000123880
|
| 035 |
|
|
|a urn:nbn:sk:snk-abmlz
|
| 035 |
|
|
|a (urnnbn)urn:nbn:sk:snk:ar-a05kas
|
| 035 |
|
|
|a (uuid)d9209c01-e82e-4a9c-957e-7cdc261895cb
|
| 040 |
|
|
|a SNKBUCL
|b slo
|c SNKBUCL
|e AACR2
|
| 041 |
0 |
|
|a slo
|
| 044 |
|
|
|a xo
|c SK
|
| 080 |
|
|
|a 618.2:616.379-008.64
|2 1997
|
| 080 |
|
|
|a 616.379-008.64
|2 1997
|
| 100 |
1 |
|
|a Pavlusíková, Antónia
|4 aut
|9 1431014
|
| 245 |
1 |
0 |
|a Starostlivosť o tehotnú s gestačným diabetom
|c Antónia Pavlusíková
|
| 650 |
0 |
7 |
|a diabetes gestačný
|x gravidita
|2 snkbucl
|9 1431015
|
| 650 |
0 |
7 |
|a gravidita
|x diabetes gestačný
|2 snkbucl
|9 1431016
|
| 650 |
0 |
7 |
|a diabetes mellitus
|x gravidita
|2 snkbucl
|9 1431017
|
| 650 |
0 |
7 |
|a kazuistika
|2 snkbucl
|9 19523
|
| 650 |
0 |
7 |
|a ošetrovateľské postupy
|2 snkbucl
|9 188770
|
| 650 |
0 |
7 |
|a diabetes gestačný
|x diagnóza
|x ošetrovanie
|x prevencia a kontrola
|2 snkbucl
|9 1431018
|
| 650 |
0 |
7 |
|a tehotenstvo pri diabete
|x ošetrovanie
|x prevencia a kontrola
|2 snkbucl
|9 1431019
|
| 655 |
|
7 |
|a články z novín a časopisov
|2 snkbucl
|9 267496
|
| 773 |
0 |
|
|t Moderný medicínsky manažment
|g Roč. 7, č. 4 (2000), s. 17-22
|x 1335-2326
|
| 850 |
|
|
|a Slovenská národná knižnica
|
| 852 |
|
|
|a Slovenská národná knižnica
|
| 954 |
|
|
|a odborná, vedecká literatúra pôvodná (slovenská)
|2 lita
|
| 958 |
|
|
|a article27
|
| 958 |
|
|
|a MI
|
| 958 |
|
|
|a OND
|
| 958 |
|
|
|a EUIPO
|
| 999 |
|
|
|c 2889049
|d 2890979
|